| 000 | 00666nam a22002537a 4500 | ||
|---|---|---|---|
| 003 | USl | ||
| 005 | 20140310182817.0 | ||
| 008 | 130301t xxu||||| |||| 00| 0 eng d | ||
| 020 | _a9716857221 | ||
| 050 |
_aLB 3060.3 _b.G573 2010 |
||
| 100 | _aGo, Mildred B. | ||
| 245 |
_aLanguage and literature assessment : _ba comrehensive guide / _cMildred B. Go, Ofelia T. Posecion |
||
| 260 |
_aQuezon City : _bLorimar Pub. Inc., _c2010. |
||
| 300 |
_avii, 113 p. : _c25 cm. |
||
| 521 | _aEDU | ||
| 942 |
_2lcc _cBK _kLOC |
||
| 999 |
_c16298 _d16298 |
||